European Countries by City - Statistics

General Stats
  • This quiz has been taken 132 times
    131 since last reset
  • The average score is 17 of 26
Answer Stats
City Country % Correct
Reykjavik Iceland
96%
Valetta Malta
93%
Salzburg Austria
92%
Bristol United Kingdom
92%
Bratislava Slovakia
91%
Gdansk Poland
88%
Nantes France
86%
Chisinau Moldova
81%
Heraklion Greece
79%
Lviv Ukraine
75%
Liege Belgium
74%
Odense Denmark
66%
Pilsen Czech Republic
64%
Zadar Croatia
61%
Braga Portugal
59%
Kaunas Lithuania
56%
Debrecen Hungary
55%
Apeldoorn Netherlands
54%
Halmstad Sweden
54%
Narvik Norway
51%
Perm Russia
50%
Imola Italy
49%
Timisoara Romania
48%
Lahti Finland
47%
Jena Germany
42%
Llivia Spain
23%
No matching quizzes found
Score Distribution
Percent of People with Each Score
Percentile by Number Answered
Your Score History
You have not taken this quiz since the last reset